Animalario : (Record no. 190700)

MARC details
000 -LEADER
campo de control de longitud fija 01032nam a2200241 i 4500
001 - NÚMERO DE CONTROL
campo de control 190700
003 - IDENTIFICADOR DE NÚMERO DE CONTROL
campo de control ES-MaACL
005 - FECHA Y HORA DE LA ÚLTIMA TRANSACCIÓN
campo de control 20250804110807.0
008 - DATOS DE LONGITUD FIJA--INFORMACIÓN GENERAL
campo de control de longitud fija 220510s1994 sp a 000 0 spa
080 ## - NÚMERO DE LA CLASIFICACIÓN DECIMAL UNIVERSAL
Número de la Clasificación Decimal Universal 75 Rodríguez del Hoyo, Santiago (083.824)
100 1# - ENTRADA PRINCIPAL--NOMBRE DE PERSONA
Nombre de persona Rodríguez del Hoyo, Santiago,
Fechas asociadas al nombre 1960-
9 (RLIN) 174449
245 10 - MENCIÓN DEL TÍTULO
Título Animalario :
Resto del título enero-febrero 1995 /
Mención de responsabilidad, etc. Santiago Rodríguez del Hoyo.
260 ## - PUBLICACIÓN, DISTRIBUCIÓN, ETC.
Lugar de publicación, distribución, etc. Madrid :
Nombre del editor, distribuidor, etc. Galería Ángel Romero,
Fecha de publicación, distribución, etc. [1994]
300 ## - DESCRIPCIÓN FÍSICA
Extensión [40] p. :
Otras características físicas principalmente il. ;
Dimensiones 28 cm +
Material acompañante/anejo 1 díptico (18 x 15 cm)
501 ## - NOTA DE CON
Nota de "Con" Con: Santiago Rodríguez del Hoyo : pintura, 4 de mayo-26 de mayo 2006: Ateneo de Madrid, Sala de Santa Catalina (díptico)
600 14 - PUNTO DE ACCESO ADICIONAL DE MATERIA--NOMBRE DE PERSONA
Nombre de persona Rodríguez del Hoyo, Santiago,
Fechas asociadas al nombre 1960-
Subdivisión de forma Exposiciones
9 (RLIN) 174450
610 24 - PUNTO DE ACCESO ADICIONAL DE MATERIA--NOMBRE DE ENTIDAD CORPORATIVA
Nombre de entidad corporativa o nombre de jurisdicción como elemento de entrada Ateneo de Madrid-
Subdivisión de forma Exposiciones-
Subdivisión cronológica 2001-2009
9 (RLIN) 1924
655 #7 - TERMINO DE INDIZACIÓN--GENERO/FORMA
Fuente del término tgfbne
9 (RLIN) 193628
Datos o término principal de género/forma Catálogos de exposiciones
710 2# - ENTRADA AGREGADA--NOMBRE DE ENTIDAD CORPORATIVA
Nombre de entidad corporativa o nombre de jurisdicción como elemento de entrada Ateneo de Madrid.
Unidad subordinada Sala de Santa Catalina.
9 (RLIN) 1964
852 4# - LOCALIZACIÓN
Ubicación ES-MaACL
Número de control de estantería 2343-F-19
942 ## - ELEMENTOS DE ENTRADA SECUNDARIOS (KOHA)
Fuente del sistema de clasificación o colocación Clasificación decimal universal
Holdings
Estatus retirado Estado de pérdida Estado de daño No para préstamo Colección Biblioteca de origen Biblioteca actual Ubicación en estantería Fecha de adquisición Fuente de adquisición Total de préstamos Signatura topográfica completa Código de barras Visto por última vez Precio de reemplazo Tipo de ítem Koha
        Colección de folletos Biblioteca del Ateneo de Madrid Biblioteca del Ateneo de Madrid Depósito folletos 10/05/2022     2343-F-19 1202933 23/02/2023 23/02/2023 Folleto